000
00294nam a2200109Ia 4500
008
230907s9999||||xx |||||||||||||| ||und||
082
_a
333.7071
_b
KAU
245
0
_a
Perspectives in environmental studies /
260
_a
New Age International Publishers,
_c
2016
300
_a
376 p.
942
_c
BK
999
_c
599088
_d
599088